Every 99 Overall Card in MLB The Show 24 - Statistics

General Stats
  • This quiz has been taken 18 times
  • The average score is 99 of 481
Answer Stats
Team Series Position Answer % Correct
Yankees 2024 Finest CF, LF, RF Aaron Judge
63%
Dodgers Milestone DH, LF, CF, RF Shohei Ohtani
63%
Angels Finest CF, LF, RF Mike Trout
56%
Nationals Spooky RF, LF Vladimir Guerrero
56%
Blue Jays 2024 Finest 1B, 3B Vladimir Guerrero Jr.
56%
Cubs Out Of Position SP, 2B Anthony Rizzo
50%
Yankees Action Figure CF, LF, RF Bernie Williams
50%
Cubs Action Figure LF, 1B, CF, RF Billy Williams
50%
Phillies 2024 Finest 1B, LF, CF, RF Bryce Harper
50%
Rays Awards SS, 2B, 3B Carson Williams
50%
Brewers Finest RP Devin Williams
50%
Reds Topps Now SS, 2B, 3B Elly De La Cruz
50%
Yankees 2024 Postseason SP Gerrit Cole
50%
Astros Milestone SP Gerrit Cole
50%
Yankees 2024 Postseason DH, LF, RF Giancarlo Stanton
50%
Marlins Action Figure RF, LF, CF Giancarlo Stanton
50%
Orioles Topps Now SS, 1B, 3B Gunnar Henderson
50%
Guardians 2024 Finest 3B, 2B, SS, LF José Ramírez
50%
Tigers Captain SP Justin Verlander
50%
Astros Milestone SP Justin Verlander
50%
Pirates Spooky CF, 3B, SS, LF, RF Oneil Cruz
50%
Diamondbacks Hall of Fame SP Randy Johnson
50%
Athletics Hall of Fame LF, CF, RF Rickey Henderson
50%
Yankees 2024 Postseason SS, 2B, 3B Anthony Volpe
44%
Reds Prime CP Aroldis Chapman
44%
Dodgers Finest SP Clayton Kershaw
44%
Guardians 2024 Postseason 1B, C, 3B, LF, RF David Fry
44%
Red Sox Action Figure 1B David Ortiz
44%
Guardians Captain SS, 2B, 3B Francisco Lindor
44%
Mets 2024 Postseason SS, 2B, 3B Francisco Lindor
44%
Braves Awards 1B Freddie Freeman
44%
Dodgers 2024 Postseason 1B, 3B Freddie Freeman
44%
Yankees Awards C Gary Sánchez
44%
Rangers Awards C Iván Rodríguez
44%
Giants 2024 Finest 3B, SS Matt Chapman
44%
Tigers Captain SP Max Scherzer
44%
Nationals Action Figure SP Max Scherzer
44%
Rangers Hall of Fame SP Nolan Ryan
44%
Yankees Finest RF, LF, CF Paul O'Neill
44%
Pirates Topps Now SP Paul Skenes
44%
Mets 2024 Postseason 1B Pete Alonso
44%
Braves Awards RF, LF, CF Ronald Acuña Jr.
44%
Orioles Awards C Adley Rutschman
38%
Yankees Hall of Fame SP, 1B, LF, RF Babe Ruth
38%
Blue Jays Finest SS Bo Bichette
38%
Orioles Action Figure 3B, 2B, SS Brooks Robinson
38%
Free Agents Jin Kim 1B, LF, RF Buck O'Neil
38%
Guardians 2024 Postseason RP Cade Smith
38%
Orioles Action Figure SS, 3B Cal Ripken Jr.
38%
Braves Hall of Fame 3B, LF Chipper Jones
38%
Red Sox Finest RP Chris Martin
38%
Guardians Hyper SP Cliff Lee
38%
Dodgers Finest RF, 1B, LF, CF Cody Bellinger
38%
Rockies Awards LF, CF, RF Dante Bichette
38%
Guardians Finest 1B Eddie Murray
38%
Mariners Hyper 3B, 1B Edgar Martínez
38%
Dodgers 2024 Postseason CF, 2B, 3B, SS, LF, RF Enrique Hernández
38%
Padres 2024 Postseason RF, 2B, 3B, SS, LF, CF Fernando Tatis Jr.
38%
White Sox Hall of Fame 1B Frank Thomas
38%
Athletics Captain DH, 1B Frank Thomas
38%
Free Agents Captain SP, LF, RF Hilton L. Smith
38%
Dodgers Hall of Fame 2B, 1B, 3B, SS, LF Jackie Robinson
38%
Mets Awards SP Jacob DeGrom
38%
Red Sox Prime RF, LF J.D. Martinez
38%
Red Sox Action Figure LF, CF, RF Jim Rice
38%
Free Agents Jin Kim C, 1B, 3B. LF, CF, RF Josh Gibson
38%
Mariners Season Awards CF, LF, RF Julio Rodríguez
38%
Diamondbacks 2024 Finest CP Justin Martinez
38%
Dodgers Action Figure 3B, 1B, 2B, SS Justin Turner
38%
Mariners Hall of Fame CF, LF, RF Ken Griffey Jr.
38%
Reds Captain RF, 1B, LF, CF Ken Griffey Sr.
38%
Guardians 2024 Postseason CF, LF, RF Lane Thomas
38%
Cubs Spooky CP Lee Smith
38%
Yankees Season Awards CP Luke Weaver
38%
Padres Captain 3B, 1B, SS Manny Machado
38%
Orioles Captain SP Mike Mussina
38%
Yankees Finest SP Mike Mussina
38%
Dodgers 2024 Postseason RF, 2B, SS, LF, CF Mookie Betts
38%
Reds Season Awards SP Nick Martinez
38%
Cardinals Action Figure SS Ozzie Smith
38%
Padres Captain SS Ozzie Smith
38%
Red Sox Hall of Fame SP Pedro Martínez
38%
Pirates Hall of Fame RF, LF, CF Roberto Clemente
38%
Free Agents Jin Kim SP Satchel Paige
38%
Cubs 2024 Finest RF, LF, CF Seiya Suzuki
38%
Tigers Milestone SP Tarik Skubal
38%
Dodgers 2024 Postseason LF, CF, RF Teoscar Hernández
38%
Phillies 2024 Finest SS, 2B, 3B, CF Trea Turner
38%
Giants Finest CF, LF, RF Willie Mays
38%
Cardinals Captain C, LF Willson Contreras
38%
Astros Milestone LF, RF Yordan Álvarez
38%
Braves Spooky 3B, 1B, LF Austin Riley
31%
Braves Milestone CP Billy Wagner
31%
Royals 2024 Finest SS, 3B Bobby Witt Jr.
31%
Cardinals Hall of Fame SP Bob Gibson
31%
Giants Hyper CP Brian Wilson
31%
Twins Captain SS, 3B Carlos Correa
31%
Orioles 2024 Postseason CF, LF, RF Cedric Mullins
31%
Angels Signature CF, LF, RF Chili Davis
31%
Diamondbacks Season Awards RF, LF, CF Corbin Carroll
31%
Rangers The Show Classics SS, 2B, 3B Corey Seager
31%
Mets Finest 3B David Wright
31%
Yankees Hall of Fame SS Derek Jeter
31%
Reds Hyper CF, LF, RF Eric Davis
31%
Reds Prime 3B, SS, DH Eugenio Suárez
31%
Tigers Finest CP Gregory Soto
31%
Pirates Milestone SS, 1B, 2B, 3B, LF, CF, RF Honus Wagner
31%
Orioles Pipeline SS, 2B, 3B Jackson Holliday
31%
Nationals Pipeline LF, CF, RF James Wood
31%
Red Sox 2024 All-Star CF, LF, RF Jarren Duran
31%
Twins Captain CP Jhoan Duran
31%
Guardians Action Figure 1B, 3B Jim Thome
31%
Twins Hall of Fame C, 1B Joe Mauer
31%
Reds Action Figure 1B Joey Votto
31%
Free Agents Jin KIm SP, 1B, LF, CF, RF John Donaldson
31%
Reds Action Figure C, 1B, 3B, LF, CF, RF Johnny Bench
31%
Cardinals Hyper RF, 1B, 3B, LF Jordan Walker
31%
Marlins Captain C, 1B J.T. Realmuto
31%
Yankees 2024 Postseason RF, LF, CF Juan Soto
31%
Cubs Hyper SP Kerry Wood
31%
Diamondbacks 2024 Finest 2B, SS, LF, CF, RF Ketel Marte
31%
Phillies Milestone LF, 1B Kyle Schwarber
31%
Cubs Captain LF, RF Kyle Schwarber
31%
Astros Captain RF, LF, CF Kyle Tucker
31%
Rockies Hall of Fame RF, LF, CF Larry Walker
31%
Diamondbacks Awards LF, RF Luis Gonzalez
31%
Braves Season Awards DH, LF, CF, RF Marcell Ozuna
31%
Mariners Captain SP Marco Gonzales
31%
Yankees Hall of Fame CP Mariano Rivera
31%
Rockies Action Figure LF, 1B, RF Matt Holliday
31%
Braves 2024 Finest SP Max Fried
31%
Braves 2024 Postseason CF, LF, RF Michael Harris II
31%
Yankees Hall of Fame CF, 1B, LF, RF Mickey Mantle
31%
Phillies Milestone 3B, 1B, SS Mike Schmidt
31%
Cardinals Milestone 3B Nolan Arenado
31%
Diamondbacks Finest 1B Paul Goldschmidt
31%
Red Sox Season Awards 3B, 1B Rafael Devers
31%
Rays The Show Classics LF, CF, RF Randy Arozarena
31%
Padres Season Awards CP Robert Suarez
31%
Pirates Captain CF, LF, RF Starline Marte
31%
White Sox Awards SS Tim Anderson
31%
Rockies Hall of Fame 1B Todd Helton
31%
Padres Milestone RF, LF, CF Tony Gwynn
31%
Padres Action Figure CP Trevor Hoffman
31%
Phillies Season Awards LF, 1B, 2B, 3B, SS, RF Weston Wilson
31%
Rangers Hall of Fame 3B Adrián Beltré
25%
Yankees 2024 Postseason LF, CF, RF Alex Verdugo
25%
Pirates Milestone RF, LF, CF Andrew McCutchen
25%
Yankees Hyper SP Andy Pettite
25%
Nationals Finest 3B Anthony Rendon
25%
Orioles 2024 Finest RF, 1B, LF, CF Anthony Santander
25%
Yankees 2024 Postseason C, 1B Austin Wells
25%
Giants Captain 1B, LF, RF Brandon Belt
25%
Giants Action Figure SS Brandon Crawford
25%
Phillies Hyper 2B, 3B, SS Bryson Stott
25%
Marlins Finest LF, CF, RF Christian Yelich
25%
Astros Hall of Fame 2B, C, LF, CF Craig Biggio
25%
Athletics Finest CP Dennis Eckersley
25%
Yankees Hyper 2B, 1B, 3B D.J. LeMahieu
25%
Braves Action Figure 3B, 1B Eddie Mathews
25%
Rockies Captain C Elías Díaz
25%
Cubs Action Figure SS, 1B, 3B Ernie Banks
25%
Marlins The Show Classics SP Eury Pérez
25%
Orioles Captain CP Felix Bautista
25%
Mets Hyper C, 1B, 3B, LF, RF Gary Carter
25%
Dodgers Hyper LF, RF Gary Sheffield
25%
Braves Action Figure SP Greg Maddux
25%
Braves Hall of Fame RF, 1B, LF, CF Hank Aaron
25%
Free Agents Jin Kim RF, 2B, 3B, SS, LF, CF Hank Thompson
25%
Cubs 2024 Finest LF, 2B, 3B, CF, RF Ian Happ
25%
Padres 2024 Finest CF, 1B, 2B, SS, LF, RF Jackson Merrill
25%
Tigers Spooky SS, 1B, 2B, 3B, LF Javier Báez
25%
Astros Hyper 1B Jeff Bagwell
25%
Phillies Milestone SS Jimmy Rollins
25%
Cardinals Milestone 1B, C, 3B Joe Torre
25%
Braves Spooky CP John Smoltz
25%
Yankees Finest C, 1B Jorge Posada
25%
White Sox Awards 1B José Abreu
25%
Astros Captain 2B, SS Jose Altuve
25%
Tigers 2024 Postseason RF, 1B, LF, CF Kerry Carpenter
25%
Giants Captain SP Kevin Gausman
25%
Cubs Awards 3B, 1B, LF, CF, RF Kris Bryant
25%
White Sox Season Awards 2B, 3B, SS Lenyn Sosa
25%
Cardinals Captain LF, RF Lou Brock
25%
Yankees Hall of Fame 1B Lou Gehrig
25%
Mariners Captain SP Luis Castillo
25%
Mets 2024 Postseason 3B, 1B, SS Mark Vientos
25%
Free Agents Jin Kim SP, C, 1B, 2B, 3B, SS, LF, CF, RF Martín Dihigo
25%
Cardinals Awards 2B, 1B, 3B, RF Matt Carpenter
25%
Athletics Awards 1B Matt Olson
25%
Dodgers 2024 Postseason 3B, 1B, 2B Max Muncy
25%
Blue Jays Awards 3B, 1B Paul Molitor
25%
Orioles Finest 1B, LF, RF Rafael Palmeiro
25%
Brewers Hyper SS, LF, CF Robin Yount
25%
Twins Action Figure 2B, 1B Rod Carew
25%
Phillies Hall of Fame SP Roy Halladay
25%
Phillies Spooky 1B Ryan Howard
25%
Cubs Action Figure 2B, 3B, SS Ryne Sandberg
25%
Royals Awards C, 1B Salvador Pérez
25%
Cubs Signature RF, LF, CF Sammy Sosa
25%
Marlins Hyper SP Sandy Alcántara
25%
Cubs Season Awards SP Shota Imanaga
25%
Cardinals Hall of Fame LF, 1B, CF, RF Stan Musial
25%
Padres 2024 Finest RP Tanner Scott
25%
Nationals Action Figure LF, 2B,CF, RF Tim Raines
25%
Mets Action Figure SP Tom Seaver
25%
Reds Prime 3B, 1B Tony Pérez
25%
Rockies Prime SS, 2B, 3B Trevor Story
25%
Dodgers 2024 Postseason CP Walker Buehler
25%
Yankees Captain SP Whitey Ford
25%
Pirates Hyper LF, 1B, CF, RF Willie Stargell
25%
Brewers 2024 Finest SS,2B, 3B Willy Adames
25%
Rays Spooky 1B, 2B, 3B, LF Yandy Díaz
25%
Dodgers 2024 Postseason SP Yoshinobu Yamamoto
25%
Royals Awards SP Zack Greinke
25%
Phillies 2024 Finest SP Zack Wheeler
25%
Astros 2024 Finest 3B, 1B, SS, LF Alex Bregman
19%
Yankees Finest 2B, 3B, SS Alfonso Soriano
19%
Tigers Action Figure RF, 1B, LF, CF Al Kaline
19%
Nationals Hyper CF, LF, RF Andre Dawson
19%
White Sox Captain RF, LF, CF Avisail Garcia
19%
Free Agents Jin Kim SP, 1B, LF, RF Bill Foster
19%
Athletics Hyper CP Blake Treinen
19%
Guardians Action Figure SP Bob Feller
19%
Brewers Captain SP Brandon Woodruff
19%
Athletics Topps Now LF, RF Brent Rooker
19%
Pirates 2024 Finest LF, CF, RF Bryan Reynolds
19%
Free Agents Jin Kim 1B, LF Buck Leonard
19%
Blue Jays Action Figure 1B, C, LF Carlos Delgado
19%
Mets Captain 1B Carlos Delgado
19%
Rays Action Figure 1B Carlos Peña
19%
Yankees 2024 Postseason SP Carlos Rodón
19%
Guardians Captain C, 1B Carlos Santana
19%
Twins Milestone 1B, C, 3B Carlos Santana
19%
Yankees Hyper SP C.C. Sabathia
19%
Rockies Milestone CF, LF, RF Charlie Blackmon
19%
Phillies Finest 2B Chase Utley
19%
Rockies Hyper 1B C.J. Cron
19%
Orioles Captain SP Corbin Burnes
19%
Red Sox Captain SP Cy Young
19%
Braves Captain SS, 2B, 3B Dansby Swanson
19%
Royals Milestone 3B, 1B George Brett
19%
Mariners 2024 Finest SP George Kirby
19%
Yankees 2024 Postseason 2B, 3B, SS Gleyber Torres
19%
Yankees Season Awards CF, LF, RF Jasson Domínguez
19%
Astros Captain SS, 2B, 3B Jeremy Peña
19%
Reds Finest 2B Joe Morgan
19%
Twins Action Figure SP Johan Santana
19%
Giants Finest SP Juan Marichal
19%
Dodgers Finest CP Kenly Jansen
19%
Rangers 2024 Finest CP Kirby Yates
19%
Mets Hyper SP Kodai Senga
19%
Nationals 2024 Finest 2B, 3B, SS Luis García Jr.
19%
White Sox Awards CF, LF, RF Luis Robert Jr.
19%
Rangers Action Figure SS, 2B, 3B Michael Young
19%
Phillies 2024 Postseason RF, 1B, 3B, LF Nick Castellanos
19%
Marlins 2024 Finest 2B, 3B, SS, LF, CF, RF Otto López
19%
Cubs Pipeline CF, LF, RF Pete Crow-Armstrong
19%
Tigers Captain 1B Prince Fielder
19%
Brewers Milestone 1B Prince Fielder
19%
Yankees Hall of Fame CP Rich Gossage
19%
Red Sox Milestone SP Rich Hill
19%
Free Agents Jin kim SP, 1B Rube Foster
19%
Brewers Action Figure LF, 1B, 3B, CF, RF Ryan Braun
19%
Rockies 2024 Finest 3B, 2B, 1B Ryan McMahon
19%
Orioles Pipeline C, 1B Samuel Basallo
19%
Phillies Captain RP Seranthony Domínguez
19%
Blue Jays Finest RF, LF, CF Shawn Green
19%
Twins Captain CP Taylor Rogers
19%
Angels Captain RF, LF Tim Salmon
19%
Braves Hyper SP Tom Glavine
19%
Dodgers 2024 Finest SP Tyler Glasnow
19%
Red Sox Hyper 3B, 1B Wade Boggs
19%
Giants Action Figure 1B, LF, RF Willie McCovey
19%
Cubs Captain SP Yu Darvish
19%
Padres Season Awards SP Yu Darvish
19%
Royals Captain SS, 2B Adalberto Mondesí
13%
Nationals Captain LF, 1B, RF Adam Dunn
13%
Reds Action Figure LF, 1B, RF Adam Dunn
13%
Tigers Hyper SS, 2B, 3B, LF, CF Alan Trammell
13%
Mets Finest SP Al Leiter
13%
Yankees Finest CP Andrew Miller
13%
Free Agents Jin Kim SP Andy Cooper
13%
Reds Awards SS Barry Larkin
13%
Giants Captain SP Blake Snell
13%
Rays Hyper SS, 1B, 2B, 3B, LF, CF, RF Brad Miller
13%
Rays Captain 2B, 1B, LF, RF Brandon Lowe
13%
Orioles Hyper 2B, SS Brian Roberts
13%
Brewers Milestone 2B, 3B, SS, CF Brice Turang
13%
Twins Season Awards CF, LF, RF Byron Buxton
13%
Yankees Captain SP Catfish Hunter
13%
Braves Milestone SP Chris Sale
13%
Orioles 2024 Finest LF, 3B, CF, RF Colton Cowser
13%
Braves Finest CP Craig Kimbrel
13%
Yankees Spooky CF, LF, RF Curtis Granderson
13%
Astros Captain SP Dallas Keuchel
13%
Diamondbacks Captain LF, RF David Peralta
13%
Yankees Captain 1B, LF, CF, RF Don Mattingly
13%
Dodgers Action Figure CF, LF, RF Duke Snider
13%
Guardians 2024 All-Star CP Emmanuel Clase
13%
Dodgers Finest CP Eric Gagne
13%
Rockies 2024 Finest SS, 2B, 3B Ezequiel Tovar
13%
Cubs Finest SP Fergie Jenkins
13%
White Sox 2024 Finest SP Garrett Crochet
13%
Rockies Season Awards SP Germán Márquez
13%
Twins Hyper 3B, 1B, LF Harmon Killebrew
13%
Astros 2024 Postseason SP Hunter Brown
13%
Reds Season Awards SP Hunter Greene
13%
Dodgers 2024 Postseason SP Jack Flaherty
13%
White Sox Finest C James McCann
13%
Pirates Finest LF, CF, RF Jason Bay
13%
Mariners Captain SS, 2B, 3B Jean Segura
13%
Angels Hyper CF. 1B, LF, RF Jim Edmonds
13%
Diamondbacks 2024 Finest DH, 1B, LF, CF, RF Joc Pederson
13%
Dodgers Captain LF, 1B, CF, RF Joc Pederson
13%
Rangers Finest 3B, 1B, LF, RF Joey Gallo
13%
Phillies Action Figure 1B, LF, CF, RF John Kruk
13%
Red Sox Captain CF, LF, RF Johnny Damon
13%
Royals Action Figure CF, LF, RF Johnny Damon
13%
Twins Finest 1B Justin Morneau
13%
Rockies Captain 1B Justin Morneau
13%
Rays Awards CF, LF, RF Kevin Kiermaier
13%
Rockies Finest SP Kyle Freeland
13%
White Sox Hyper SP Lucas Giolito
13%
Padres Milestone 1B, 2B, 3B, SS, LF Luis Arráez
13%
Mets 2024 Finest SP Luis Severino
13%
Blue Jays Captain SP Marcus Stroman
13%
Cardinals Finest 1B Mark McGwire
13%
Cubs Captain SP Mark Prior
13%
Athletics 2024 Finest CP Mason Miller
13%
Padres Season Awards SP Michael King
13%
Twins Topps Now 3B, 1B, RF Miguel Sanó
13%
Giants Finest RF, 1B, LF, CF Mike Yastrzemski
13%
Red Sox Captain SP Nathan Eovaldi
13%
Nationals Captain SP Patrick Corbin
13%
Pirates Action Figure LF, CF, RF Ralph Kiner
13%
Brewers Finest 1B, LF, RF Richie Sexson
13%
Tigers 2024 Finest LF, CF, RF Riley Greene
13%
Blue Jays Finest SP Robbie Ray
13%
Diamondbacks Captain SP Robbie Ray
13%
Marlins Captain CP Robb Nen
13%
Giants 2nd Half Heroes CP Robb Nen
13%
Phillies Action Figure SP Robin Roberts
13%
Athletics Action Figure CP Rollie Fingers
13%
Twins Season Awards C Ryan Jeffers
13%
Reds Captain SP Sonny Gray
13%
Cardinals 2024 Finest SP Sonny Gray
13%
Braves Hyper SP Spencer Strider
13%
Guardians 2924 Finest LF, CF, RF Steven Kwan
13%
Angels 2024 Finest LF, 1B, 3B, CF, RF Taylor Ward
13%
Yankees 2024 Postseason RP Tommy Kahnle
13%
Free Agents Jin Kim 2B Toni Stone
13%
Twins Captain CF, LF, RF Torii Hunter
13%
Angels Action Figure CF, LF, RF Torii Hunter
13%
Angels Finest 3B, SS Troy Glaus
13%
Rockies Milestone 3B, SS Vinny Castilla
13%
Twins Pipeline CF, LF, RF Walker Jenkins
13%
Braves Captain 1B Warren Spahn
13%
Brewers 2024 Finest C, LF William Contreras
13%
Rangers Milestone LF, CF, RF Wyatt Langford
13%
Angels Topps Now SS, 2B Zach Neto
13%
Marlins Spooky SP A.J. Burnett
6%
Tigers 2024 Postseason 3B, 1B, 2B, SS, LF Andy Ibáñez
6%
Pirates Awards 2B Billy Mazeroski
6%
Mets Finest RP Brooks Raley
6%
Giants Finest CP Camilo Doval
6%
Royals 2024 Postseason SP Cole Ragans
6%
Rockies Captain CP Daniel Bard
6%
Dodgers Spooky SP Don Sutton
6%
Padres Captain RP Drew Pomeranz
6%
Diamondbacks Hyper 3B, 2B, SS Eduardo Escobar
6%
Padres Pipeline C Ethan Salas
6%
Astros Finest CF, LF, RF George Springer
6%
Guardians Signature CF, LF, RF Grady Sizemore
6%
Twins 2024 Finest RP Griffin Jax
6%
Rangers Hyper 2B Ian Kinsler
6%
Brewers 2024 Postseason LF, CF, RF Jackson Chourio
6%
Cubs Hyper SP Jake Arrieta
6%
Marlins Season Awards 3B, 1B, 2B Jake Burger
6%
Mariners Finest SP James Paxton
6%
Mets 2024 Postseason LF, CF, RF Jesse Winker
6%
Dodgers Captain RP Joe Kelly
6%
Rangers Captain CP Joe Nathan
6%
Guardians 2024 Postseason RF, 1B, 3B Johnkensy Noel
6%
Reds Hyper SP Johnny Cueto
6%
Marlins Season Awards 1B, C, 2B, 3B Jonah Bride
6%
Twins Finest 2B, 3B, SS Jorge Polanco
6%
Free Agents Jin Kim SP, 1B, 2B, 3B, SS, LF, CF, RF José Méndez
6%
Mets 2024 Postseason SP José Quintana
6%
Astros Season Awards CP Josh Hader
6%
Rangers Hyper 3B Josh Jung
6%
Rays Pipeline 3B, 2B, SS Junior Caminero
6%
Red Sox Signature 3B, 1B Kevin Youkilis
6%
Red Sox Awards 2B, 3B, SS, LF, CF, RF Kristian Campbell
6%
Padres 2024 Postseason C Kyle Higashioka
6%
Guardians Action Figure CF, LF, RF Larry Doby
6%
Athletics Season Awards RF, 1B, CF, LF Lawrence Butler
6%
Free Agents Jin Kim SP, 2B, LF, CF, RF Leon Day
6%
Red Sox Pipeline SS, 3B Marcelo Mayer
6%
Blue Jays Finest 2B, SS Marcus Semien
6%
Red Sox Season Awards DH, LF, CF, RF Masataka Yoshida
6%
Giants Prime SP Matt Cain
6%
Tigers Pipeline CF, LF, RF Max Clark
6%
Cubs Season Awards 1B, 2B, 3B, LF Michael Busch
6%
Padres Finest CF, LF, RF Mike Cameron
6%
White Sox Action Figure LF, 3B, CF, RF Minnie Miñoso
6%
Mets Captain SP Noah Syndergaard
6%
Cardinals Action Figure 1B, 3B, LF, RF Orlando Cepeda
6%
Cardinals Awards SP Quinn Mathews
6%
Free Agents Jin Kim RF, 1B, 2B, 3B, SS, LF, CF Rap Dixon
6%
Mariners Action Figure LF, 1B, RF Raúl Ibañez
6%
Phillies Captain CF, LF, RF Richie Ashburn
6%
Brewers Captain 1B Rowdy Tellez
6%
Astros Action Figure SP Roy Oswalt
6%
Athletics Captain SP Sean Manaea
6%
Mets Season Awards SP Sean Manaea
6%
Royals 2024 Finest SP Seth Lugo
6%
Rays Captain SP Shane McClanahan
6%
Reds 2024 Finest LF, 1B, 2B, 3B, SS, RF Spencer Steer
6%
Diamondbacks Action Figure CF, LF, RF Steve Finley
6%
Blue Jays Hyper CP Tom Henke
6%
Dodgers 2024 Postseason CF, 2B, 3B, SS, LF, RF Tommy Edman
6%
Tigers Action Figure 1B Tony Clark
6%
Giants Season Awards SS, 1B, 2B, 3B, LF, CF, RF Tyler Fitzgerald
6%
Red Sox 2024 Finest LF, CF, RF Tyler O'Neill
6%
Athletics Action Figure SP Vida Blue
6%
Royals Hyper 2B, 1B, 3B, LF, CF, RF Whit Merrifield
6%
Marlins Season Awards SS, 2B, CF Xavier Edwards
6%
Astros The Show Classics 3B, 1B, 2B, LF Yuli Gurriel
6%
Braves 2024 Postseason RP Aaron Bummer
0%
Rockies Milestone RP Adam Ottavino
0%
Red Sox Finest LF, CF, RF Andrew Benintendi
0%
Dodgers 2024 Postseason RP Anthony Banda
0%
Twins Milestone SP Bert Blyleven
0%
Royals Captain SP Brady Singer
0%
Rockies Season Awards CF, LF, RF Brenton Doyle
0%
Twins Finest 2B Brian Dozier
0%
Guardians Spooky SP Carlos Carrasco
0%
White Sox Pipeline SS, 3B Colson Montgomery
0%
Diamondbacks Finest RF, C, LF, CF Daulton Varsho
0%
Padres Milestone SP Dylan Cease
0%
Nationals Pipeline CF, LF, RF Dylan Crews
0%
Rays 2024 Finest CP Edwin Uceta
0%
Dodgers Milestone SP Fernando Valenzuela
0%
Royals 2024 Postseason CF, 2B, 3B, SS, LF, RF Garrett Hampson
0%
Angels Captain SP Griffin Canning
0%
Padres Hyper RF, LF, CF Hunter Renfroe
0%
Brewers 2024 Postseason 1B, LF, RF Jake Bauers
0%
Pirates Captain SP Jameson Taillon
0%
Braves Prime RF, LF, CF Jason Heyward
0%
Padres Season Awards RP Jeremiah Estrada
0%
Blue Jays Season Awards SP José Berríos
0%
Royals Finest RP Josh Staumont
0%
Athletics Season Awards SP J.P. Sears
0%
Padres Season Awards LF, 1B, 2B, 3B, SS, CF, RF Jurickson Profar
0%
Blue Jays Prime CF, LF, RF Kevin Pillar
0%
Angels Captain RF, 1B, LF, CF Kole Calhoun
0%
Rangers Captain SP Lance Lynn
0%
Cardinals Spooky RF, LF, CF Lars Nootbaar
0%
White Sox Captain CP Liam Hendriks
0%
Angels The Show Classics C, 1B Logan O'Hoppe
0%
Royals 2024 Postseason CP Lucas Erceg
0%
Giants Season Awards CF, LF, RF Luis Matos
0%
Rays Finest SP Matt Moore
0%
Dodgers 2024 Postseason RP Michael Kopech
0%
Reds Out of Position CF, LF, RF Michael Lorenzen
0%
Cardinals Captain SP Michael Wacha
0%
Marlins Action Figure 3B Mike Lowell
0%
Red Sox Finest 1B, C Mike Napoli
0%
Twins Awards C, 1B Mitch Garver
0%
Reds Season Awards RF, 3B, LF Rece Hinds
0%
Giants Action Figure SS, 1B, 2B, 3B Rich Aurilia
0%
Reds Finest RP Rob Dibble
0%
Cardinals Season Awards CP Ryan Helsley
0%
Cardinals Hyper RF, LF, CF Ryan Ludwick
0%
Astros Season Awards SP Spencer Arrighetti
0%
Twins Action Figure RF, LF, CF Tony Oliva
0%
Guardians 2024 Draft 2B, 3B, SS, LF, CF, RF Travis Bazzana
0%
Orioles Captain RF, 1B, LF Trey Mancini
0%
Braves Captain RP Tyler Matzek
0%
Mariners Season Awards RF, LF, CF Victor Robles
0%
No matching quizzes found
Score Distribution
Percent of People with Each Score
Percentile by Number Answered
Your Score History
You have not taken this quiz